El constructivismo en el aula
Enregistré dans:
| Auteurs principaux: | , , |
|---|---|
| Format: | Livre |
| Langue: | espagnol |
| Publié: |
Barcelona
Graó
1993
|
| Édition: | 1a. ed |
| Collection: | Biblioteca del Aula. Serie Didáctica - Diseño y Desarrollo Curricular, 111
|
| Sujets: | |
| Tags: |
Ajouter un tag
Pas de tags, Soyez le premier à ajouter un tag!
|
MARC
| LEADER | 00000cam a2200000 a 4500 | ||
|---|---|---|---|
| 001 | UCE5123 | ||
| 003 | CL-VaPUC | ||
| 008 | 141204e19930000sp |||||||||||||||||spa|d | ||
| 020 | |a 9788478271566 | ||
| 082 | 0 | 4 | |a 371.3 |b COL |2 21 |
| 100 | 0 | |a Coll, César |e author |9 577603 | |
| 700 | 0 | |a Martín, Elena |e author |9 577604 | |
| 700 | 0 | |a Mauri, Teresa |e author |9 577605 | |
| 245 | 1 | 3 | |a El constructivismo en el aula |
| 250 | |a 1a. ed | ||
| 300 | |a 186 p | ||
| 942 | |c BK | ||
| 945 | |d 20141204 15:21:00 |a arojas | ||
| 260 | |a Barcelona |b Graó |c 1993 | ||
| 500 | |a 20ª reimpresión: marzo 2011 | ||
| 650 | 0 | |a Educación |9 258661 | |
| 650 | 0 | |a Métodos de enseñanza |9 270413 | |
| 650 | 7 | |a TEORIA DEL APRENDIZAJE |2 CL-VaPUC |9 448897 | |
| 583 | |a last modification |c 20141204 15:21:00 |k Rodrigo Vera | ||
| 490 | 0 | |a Biblioteca del Aula. Serie Didáctica - Diseño y Desarrollo Curricular, 111 | |
| 999 | |c 357919 |d 357917 | ||
| 952 | |0 0 |1 0 |3 erb |4 0 |6 371_300000000000000_COL_1993 |7 0 |8 R |9 466078 |a BIBEDU |b BIBEDU |c MCIRC |i 5127580 |o 371.3 COL 1993 |p 5127580 |r 2023-01-13 |w 2019-11-23 |y BK_R |z Catalogado en:20141204 |k EBA | ||
| 952 | |0 0 |1 0 |3 erb |4 0 |6 371_300000000000000_COL_1993 |7 0 |8 R |9 466079 |a BIBEDU |b BIBEDU |c MCIRC |i 5127599 |o 371.3 COL 1993 |p 5127599 |r 2023-01-13 |w 2019-11-23 |y BK_R |z Catalogado en:20141204 |k EBA | ||
| 952 | |0 0 |1 0 |3 erb |4 0 |6 371_300000000000000_COL_1993 |7 0 |8 R |9 466080 |a BIBEDU |b BIBEDU |i 5127602 |o 371.3 COL 1993 |p 5127602 |r 2023-01-13 |w 2019-11-23 |y BK_R |z Catalogado en:20141204 |k EBA | ||